000 01249cam a2200337 a 4500
001 25944
003 BD-RjUL
005 20211209050941.0
008 140319s1985 ii b 000 0 eng
035 _a(BD-RjUL)26014
040 _aDLC
_cDLC
_dDLC
_dBD-RjUL
_beng
041 _aeng
082 0 0 _a954.130257
_219
_bBRB 1985
100 1 _aBruton, William.
_979717
245 1 0 _aBruton's Visit to Lord Jagannatha 350 ye[a]rs ago :
_bBritish beginnings in Orissa /
_cedited, with background, notes, etc., by P. Thankappan Nair.
260 _aCalcutta, India :
_bMinerva Associates (Publications),
_c1985.
300 _aviii, 134 p. ;
_c22 cm.
500 _aPreviously published as: Newes from the East Indies.
504 _aBibliography: p. 122-128.
600 1 0 _aBruton, William
_xTravel
_zIndia
_zOrissa.
_979718
610 2 0 _aEast India Company
_919103
610 2 0 _aShri Jagannath Temple (Purī, India)
_979719
651 0 _aOrissa (India)
_xHistory.
_979720
651 0 _aOrissa (India)
_xDescription and travel.
_979045
700 2 _aThankappan Nair, P. ed.
_979721
740 0 _aVisit to Lord Jagannatha 350 years ago.
942 _2ddc
_cBK
999 _c25944
_d25944